00343nam a2200133Ia 4500008004100000020001500041041001200056082001600068100001700084245006200101260003100163300000800194650000700202221030s9999 xx 000 0 und d a8173180075 aEnglish a105.23bDar aC. R. Dargan 0aElectrical Installation Design & Drawingcby C. R. Dargan bNew Asian PubaDelhic1998 a224 aEE